000 00409nam a22001577a 4500
003 MPLRDC
005 20220104124603.0
008 210129b ||||| |||| 00| 0 eng d
082 _a859.61 HBL
100 _a河边柳、东阳联合编著
245 _a尽一点做人的责任
_c
260 _a
_b首都印务私人有限公司
_c
300 _b
650 _a教育故事
942 _cBK
_o859.61 HBL
999 _c20528
_d20518